000 01188cam a2200133 4500500
005 20260329064727.0
041 _afre
042 _adc
100 1 0 _aLouveau, Marc-Olivier
_eauthor
245 0 0 _aLe petit manuel du scénariste
260 _bArmand Colin,
_c2024.
520 _aÉcrire un scénario nécessite beaucoup d’imagination, un peu de patience et la connaissance d’un minimum de techniques et de règles. Ce petit livre synthétique et pratique présente l’essentiel des techniques de l’écriture d’un scénario.Le lecteur pourra suivre ces règles pas à pas, de l’idée de départ à la mise au point finale du scénario, en passant par l’élaboration de la structure, l’utilisation des ressorts narratifs, la création des personnages… Un exemple de création/rédaction de scénario est présenté tout au long du livre pour illustrer la théorie. Cette nouvelle édition s’enrichit d’un nouveau chapitre abordant les erreurs les plus courantes et permettant au scénariste de trouver des solutions pour les corriger.
856 4 1 _uhttps://shs.cairn.info/le-petit-manuel-du-scenariste-2e-ed--9782200639310?lang=fr&redirect-ssocas=7080
999 _c2016880
_d2016880